Regional Economic Outlook, April 2008 : Europe: Reassessing Risks.

Europe is facing slower growth as a result of protracted financial turbulence and spillovers from the U.S. Meanwhile, inflation has risen sharply. Policymakers in advanced economies will have to continue to support financial markets and balance risks to real activity with the need to anchor inflatio...

Description complète

Détails bibliographiques
Collectivité auteur: International Monetary Fund. European Dept
Format: Revue
Langue:English
Publié: Washington, D.C. : International Monetary Fund, 2008.
Collection:Regional Economic Outlook
Accès en ligne:Full text available on IMF
LEADER 01765cas a2200253 a 4500
001 AALejournalIMF015769
008 230101c9999 xx r poo 0 0eng d
020 |c 20.00 USD 
020 |z 9781589067141 
022 |a 2071-5501 
040 |a BD-DhAAL  |c BD-DhAAL 
110 2 |a International Monetary Fund.  |b European Dept. 
240 1 0 |a Regional Economic Outlook, April 2008: Europe: Reassessing Risks.  |l Russian 
245 1 0 |a Regional Economic Outlook, April 2008 :   |b Europe: Reassessing Risks. 
264 1 |a Washington, D.C. :  |b International Monetary Fund,  |c 2008. 
300 |a 1 online resource (73 pages) 
490 1 |a Regional Economic Outlook 
500 |a <strong>Off-Campus Access:</strong> No User ID or Password Required 
500 |a <strong>On-Campus Access:</strong> No User ID or Password Required 
506 |a Electronic access restricted to authorized BRAC University faculty, staff and students 
520 3 |a Europe is facing slower growth as a result of protracted financial turbulence and spillovers from the U.S. Meanwhile, inflation has risen sharply. Policymakers in advanced economies will have to continue to support financial markets and balance risks to real activity with the need to anchor inflation. Emerging Europe is well placed to continue to grow, albeit at a slower pace, amid concerns about overheating and external imbalances in several countries. Sound macroeconomic policies and structural reforms will be necessary to ensure a soft landing in these countries and smooth convergence throughout the region. 
538 |a Mode of access: Internet 
830 0 |a Regional Economic Outlook 
856 4 0 |z Full text available on IMF  |u http://elibrary.imf.org/view/books/086/09007-9781589067141-ru/09007-9781589067141-ru-book.xml  |z IMF e-Library